Regions of Slovakia - Statistics

General Stats
  • This quiz has been taken 8,783 times
  • The average score is 6 of 8
Answers on the Map
Answers color-coded by a green-red scale on the quiz's map according to % correct below.
 
Answer Stats
Answer % Correct
Bratislava
99%
Košice
86%
Nitra
76%
Prešov
74%
Trnava
73%
Žilina
73%
Banská Bystrica
71%
Trenčín
69%
No matching quizzes found
Score Distribution
Percent of People with Each Score
Percentile by Number Answered
Your Score History
You have not taken this quiz